Trasa Autobusu 328 Warszawa - Statystyki

Ogólne statystyki
  • Ten quiz został rozwiązany 7 razy
  • Średni wynik to 7 z 21
Statystyki odpowiedzi
Ulice Przystanki % Poprawnych
Instalatorów Instalatorów
100%
Aleja Krakowska Hynka
75%
Komitetu Obrony Robotników Krakowiaków
75%
Instalatorów PKP Rakowiec
75%
Benetta Benetta
50%
Grójecka Grójecka
50%
Komitetu Obrony Robotników Komitetu Obrony Robotników
50%
Aleja Krakowska Włochy-Ratusz
50%
Aleja Krakowska 1 Sierpnia
25%
Komitetu Obrony Robotników Drzewieckiego
25%
Instalatorów Instalatorów-KAM
25%
Osmańska Osmańska-DHL
25%
Narkiewicza PKP Okęcie
25%
Aleje Jerozolimskie PKP WKD Aleje Jerozolimskie
25%
Aleje Jerozolimskie Popularna
25%
Instalatorów Rakowska
25%
Poleczki Kłobucka
0%
Komitetu Obrony Robotników Ogród Działkowy im. Warneńczyka
0%
Komitetu Obrony Robotników Okęcie Business Park
0%
Żwirki i Wigury Ośrodek Wojskowy
0%
Wirażowa Terminal Cargo
0%
Nie znaleziono quizów pasujących do podanych kryteriów
Rozkład punktacji
Procent ludzi z każdym wynikiem
Percentyl według liczby udzielonych odpowiedzi
Twoja historia wyników
Nie rozwiązałeś tego quizu